[Event "Independence Cup A"]
[Site "Kyiv UKR"]
[Date "2006.08.14"]
[Round "2"]
[White "Nazarevich,V"]
[Black "Baklan,V"]
[Result "0-1"]
[WhiteElo "2303"]
[BlackElo "2621"]

1.e4 c5 2.Nf3 d6 3.Bb5+ Bd7 4.Bxd7+ Qxd7 5.c4 Nc6 6.O-O g6 7.d4 cxd4 8.Nxd4 Bg7
9.Be3 Nf6 10.f3 O-O 11.Nc3 Rfc8 12.b3 Qd8 13.Qd2 a6 14.a4 Nd7 15.Nxc6 bxc6
16.a5 Rab8 17.Ra3 Rb7 18.Bd4 Bxd4+ 19.Qxd4 Rcb8 20.Rb1 c5 21.Qd1 Ne5 22.Rba1 e6
23.f4 Nc6 24.Ne2 Rb4 25.R1a2 Qc7 26.Rd2 Nxa5 27.Nc1 Rd8 28.Rda2 Nc6 29.Rxa6 Nd4
30.Ra8 Rxa8 31.Rxa8+ Rb8 32.Rxb8+ Qxb8 33.Kf2 Qa8 34.Qd3 Qa1 35.Qd2 Qb1 36.Ne2 Nxe2
37.Qxe2 Qxb3 38.g3 Kg7 39.Kg2 Qc3 40.g4 Qd4 41.g5 e5 42.fxe5 Qxe5 43.h4 h6
44.gxh6+ Kxh6 45.Qe3+ Kg7 46.Qd3 Qd4 47.Qe2 Qf6 48.Kg3 Qe5+ 49.Kg2 f5 50.Kf3 Kf6
51.Qe3 Qxe4+ 52.Qxe4 fxe4+ 53.Kxe4 Ke6  0-1

[Event "Open"]
[Site "Stare Mesto CZE"]
[Date "2006.08.14"]
[Round "5"]
[White "Dvoulety,P"]
[Black "Parligras,C"]
[Result "1/2-1/2"]
[WhiteElo "2044"]
[BlackElo "2232"]

1.e4 c5 2.Nf3 d6 3.Bb5+ Nc6 4.Nc3 Bd7 5.O-O g6 6.d4 cxd4 7.Nxd4 Bg7 8.Be3 Nf6
9.f3 O-O 10.Nxc6 Bxc6 11.Bc4 Qa5 12.Bd4 Rfd8 13.Qe2 Qh5 14.Rad1 a6 15.Rfe1 Rac8
16.Bb3 Re8 17.e5 dxe5 18.Bxe5 e6 19.Qd2 Ne4 20.Rxe4 Bxe5 21.g4 Bxc3 22.Qxc3 Bxe4
23.Qxc8 Rxc8 24.gxh5 Bxf3 25.Rd7 gxh5 26.Kf2 Bc6 27.Rd4 Kg7 28.c3 Rg8 29.Bd1 Kh6
30.Bf3 Bxf3 31.Kxf3 Rg5 32.Rd7 Re5 33.b4 Kg6 34.a4 Rd5 35.Rc7 Rd3+ 36.Ke4 Rh3
37.c4 b5 38.Kd4 Rh4+ 39.Kc3 Rh3+ 40.Kd4  1/2-1/2

[Event "Acropolis Open"]
[Site "Athens GRE"]
[Date "2006.08.15"]
[Round "3"]
[White "Kotrotsos,V"]
[Black "Himaras,S"]
[Result "1/2-1/2"]
[WhiteElo "2294"]
[BlackElo "2193"]

1.e4 c5 2.Nf3 d6 3.Bb5+ Bd7 4.Bxd7+ Nxd7 5.O-O Ngf6 6.Qe2 e6 7.d4 cxd4 8.Nxd4 Nc5
9.Nd2 Be7 10.c4 O-O 11.b3 Re8 12.Bb2 Bf8 13.Rad1 a6 14.N4f3 Be7 15.e5 dxe5
16.Nxe5 Qc7 17.a3 b6 18.b4 Ncd7 19.Ndf3 Nxe5 20.Bxe5 Qb7 21.Rd4 Red8 22.Rfd1 Rxd4
23.Rxd4 a5 24.Qd1 axb4 25.axb4 h6 26.h3 Qa6 27.Bd6 Bxd6 28.Rxd6 Qxc4 29.Rd8+ Rxd8
30.Qxd8+ Kh7 31.Qxb6 Nd5 32.Qb7 Qc1+ 33.Kh2 Qf4+ 34.Kg1 Nxb4 35.g3 Qf6 36.Qe4+ Qf5  1/2-1/2

[Event "Petrovskaja Ladja S"]
[Site "Peterhof RUS"]
[Date "2006.08.16"]
[Round "4"]
[White "Maslak,K"]
[Black "Brodsky,M"]
[Result "1/2-1/2"]
[WhiteElo "2537"]
[BlackElo "2571"]

1.e4 c5 2.Nf3 d6 3.Bb5+ Bd7 4.Bxd7+ Qxd7 5.O-O Nf6 6.Re1 Nc6 7.c3 e6 8.d4 cxd4
9.cxd4 d5 10.e5 Ne4 11.Nbd2 Nxd2 12.Bxd2 Be7 13.Rc1 O-O 14.Re3 Rfc8 15.Rec3 Bd8
16.a3 h6 17.R1c2 Ne7 18.Qc1 Rxc3 19.Rxc3 Rc8 20.Rxc8 Nxc8 21.b3 Ne7 22.a4 Nc6
23.Qc2 Qc7 24.Kf1 Qb6 25.Qd3 a6 26.Ke2 Be7 27.Kd1 Ba3 28.Kc2 Nb4+ 29.Bxb4 Bxb4
30.Kd1 Qc6 31.Qc2 Qxc2+  1/2-1/2

[Event "93rd ch-GBR"]
[Site "Swansea WLS"]
[Date "2006.08.16"]
[Round "10"]
[White "Briscoe,C"]
[Black "Eggleston,D"]
[Result "0-1"]
[WhiteElo "2137"]
[BlackElo "2232"]

1.e4 c5 2.Nf3 d6 3.Bb5+ Bd7 4.Bxd7+ Qxd7 5.c4 Nf6 6.Nc3 g6 7.O-O Bg7 8.d4 cxd4
9.Nxd4 O-O 10.b3 Nc6 11.Bb2 a6 12.a4 Rac8 13.Qd2 Qd8 14.Ra3 Qa5 15.Nxc6 bxc6
16.Nb1 Qb6 17.a5 Qb7 18.Re1 Rb8 19.e5 dxe5 20.Bxe5 Rbd8 21.Qc3 c5 22.Nd2 Bh6
23.Nf1 Ng4 24.Qh3 Nxe5 25.Qxh6 Nd3 26.Re3 e5 27.g3 f6 28.b4 Nxb4 29.Rab3 Rd1
30.Qh3 Qc6 31.g4 Qe6 32.Qf3 Rfd8 33.Kg2 Nc2 34.Rb6 Qxc4 35.Qxf6 Rf8  0-1

[Event "Open"]
[Site "Stare Mesto CZE"]
[Date "2006.08.17"]
[Round "8"]
[White "Kotan,L"]
[Black "Jasny,S"]
[Result "1/2-1/2"]
[WhiteElo "2289"]
[BlackElo "2325"]

1.e4 c5 2.Nf3 d6 3.Bb5+ Bd7 4.Bxd7+ Qxd7 5.O-O Nf6 6.Qe2 Nc6 7.c3 e6 8.d4 cxd4
9.cxd4 d5 10.e5 Ne4 11.Be3 Be7 12.Ne1 f6 13.f3 Ng5 14.Nd3 O-O 15.Nd2 Nf7
16.f4 f5 17.Nf3 b6 18.Rac1 Rfc8 19.Rc2 Rc7 20.Rfc1 Rac8 21.h3 Na5 22.Kh2 Rxc2
23.Rxc2 Rxc2 24.Qxc2 Qc6 25.Qxc6 Nxc6 26.g4 g6 27.Bd2 Nfd8 28.Kg3 h6 29.Kf2 Kf7
30.Be3 Nb4 31.Nc1 Ke8 32.Ke2 Nf7 33.Kd2 h5 34.g5 Kd7 35.Kc3 Bf8 36.Kb3 a6
37.Bd2 Nc6 38.a4 Be7 39.a5 b5 40.Nd3 Ke8 41.Bb4 Nfd8 42.Bxe7 Kxe7 43.Nc5 Nb8
44.Kc3 Ndc6 45.Nb7 Kf8 46.Ne1 Ke7 47.Nd3 Kd7 48.Nb4 Nxb4 49.Kxb4 Nc6+ 50.Kc3 Ke7
51.Kd3 Kf7 52.Nc5 Nb8 53.Kc3 Ke7 54.Nd3 Nc6 55.Nb4 Nxa5 56.b3  1/2-1/2

[Event "CHN-RUS Chess Summit w"]
[Site "Ergun CHN"]
[Date "2006.08.18"]
[Round "8"]
[White "Kovalevskaya,E"]
[Black "Zhao Xue"]
[Result "1/2-1/2"]
[WhiteElo "2463"]
[BlackElo "2456"]

1.e4 c5 2.Nf3 d6 3.Bb5+ Nc6 4.O-O Bd7 5.Re1 Nf6 6.h3 a6 7.Bf1 e6 8.c3 Be7
9.d4 cxd4 10.cxd4 d5 11.e5 Ne4 12.Bd3 Ng5 13.Nbd2 Rc8 14.Nxg5 Bxg5 15.Nf3 Bxc1
16.Rxc1 Qb6 17.Qd2 O-O 18.Bb1 Ne7 19.Qg5 Nf5 20.Bxf5 exf5 21.Rxc8 Rxc8 22.Rc1 h6
23.Rxc8+ Bxc8 24.Qc1 Be6 25.h4 a5 26.b3 Qb5 27.Qc5 Qa6 28.Qc2 Qb5 29.Qc5 Qa6
30.Qc3 b6 31.a4 Qe2 32.Qd2 Qe4 33.Qd1 Bc8 34.Qc1 Be6 35.Kh2 Qd3 36.Qe3 Qd1
37.Kg3 Kh7 38.Nh2 Bc8 39.f4 Ba6 40.e6 fxe6 41.Qxe6 Qxb3+ 42.Nf3 Bd3 43.h5 Be4
44.Qg6+ Kh8 45.Qe8+ Kh7 46.Qg6+  1/2-1/2

[Event "CHN-RUS Chess Summit"]
[Site "Ergun CHN"]
[Date "2006.08.18"]
[Round "8"]
[White "Zvjaginsev,V"]
[Black "Bu Xiangzhi"]
[Result "1/2-1/2"]
[WhiteElo "2675"]
[BlackElo "2664"]

1.e4 c5 2.Nf3 d6 3.Bb5+ Nc6 4.O-O Bd7 5.Re1 Nf6 6.h3 Ne5 7.Bxd7+ Nfxd7 8.Na3 g6
9.Nxe5 Nxe5 10.c3 Nd3 11.Re3 Nxc1 12.Rxc1 Bg7 13.b4 O-O 14.bxc5 dxc5 15.Rb1 Qd7
16.Qb3 Rab8 17.Qd5 Rfd8 18.Qxd7 Rxd7 19.Re2 a6 20.Rb6 Be5 21.Nc4 Bc7 22.Rb2 b5
23.Ne3 e6 24.Kf1 f5 25.Re1 Kf7 26.Reb1 Bf4  1/2-1/2

[Event "Jch-EST"]
[Site "Narva Joesuu EST"]
[Date "2006.08.18"]
[Round "5"]
[White "Soskov,V"]
[Black "Vovk,I"]
[Result "1/2-1/2"]
[WhiteElo "2251"]
[BlackElo "2236"]

1.e4 c5 2.Nf3 d6 3.Bb5+ Bd7 4.Bxd7+ Qxd7 5.O-O Nc6 6.c4 Nf6 7.Nc3 g6 8.d4 cxd4
9.Nxd4 Bg7 10.Nde2 Na5 11.b3 O-O 12.Qd2 a6 13.Bb2 b5 14.cxb5 axb5 15.e5 Ne8
16.Nd5 dxe5 17.Ba3 Kh8 18.Bxe7 Rg8 19.Rfd1 Qb7 20.Rac1 Nc6 21.Bg5 Nd4 22.Nxd4 exd4
23.Nb4 Nc7 24.Bh6 Bxh6 25.Qxh6 Ne6 26.Qh4 Rgc8 27.Qf6+ Kg8 28.h4 h5 29.Qe5 Rxc1
30.Rxc1 Rd8 31.Rd1 Qd7 32.Nd3 Ng7 33.g3 Nf5 34.Nc5 Qc6 35.Ne4 d3 36.Nf6+ Kf8
37.Nxh5 d2 38.Nf6 Qf3 39.Nh7+ Kg8 40.Nf6+ Kf8 41.Nh7+  1/2-1/2

[Event "81st ch-FRA w"]
[Site "Besancon BRA"]
[Date "2006.08.19"]
[Round "6"]
[White "Choisy,M"]
[Black "Benmesbah,N"]
[Result "1/2-1/2"]
[WhiteElo "2145"]
[BlackElo "2125"]

1.e4 c5 2.Nf3 d6 3.Bb5+ Nd7 4.c3 Nf6 5.Qe2 a6 6.Ba4 e5 7.O-O Be7 8.d4 O-O
9.Rd1 b5 10.Bc2 Qc7 11.a4 cxd4 12.cxd4 Bb7 13.Bg5 h6 14.Bh4 Rac8 15.Bd3 bxa4
16.Nc3 a3 17.Rxa3 exd4 18.Nxd4 d5 19.Raa1 Bc5 20.Nf5 dxe4 21.Bxa6 Bxa6 22.Rxa6 Qf4
23.Bxf6 Nxf6 24.Ng3 Rfe8 25.Ra4 Ng4 26.Rf1 f5 27.Nd5 Qe5 28.Ne3 Nxe3 29.fxe3 f4
30.Nxe4 Bxe3+ 31.Kh1 Qe6 32.Nc3 Rcd8 33.Qc4 Qxc4 34.Rxc4 Rd2 35.b3 Rb8 36.Ne4 Rb2
37.Nc5 Rc8 38.Nd3 Rxc4 39.bxc4 Rc2 40.c5 Rc3 41.Rd1 Rc4 42.g3  1/2-1/2

[Event "13th Ordix Open"]
[Site "Mainz GER"]
[Date "2006.08.19"]
[Round "2"]
[White "Baerwinkel,T"]
[Black "Grischuk,A"]
[Result "0-1"]
[WhiteElo "2291"]
[BlackElo "2709"]

1.e4 c5 2.Nf3 d6 3.Bb5+ Nc6 4.O-O Bd7 5.Re1 Nf6 6.c3 a6 7.Bxc6 Bxc6 8.d4 Bxe4
9.Bg5 Bd5 10.Nbd2 e6 11.c4 Bxf3 12.Nxf3 Be7 13.Qb3 Qc7 14.dxc5 dxc5 15.Qa4+ Qd7
16.Qc2 O-O 17.Ne5 Qc7 18.h3 Rad8 19.Qe2 Rd4 20.Nf3 Rdd8 21.Ne5 Ne8 22.Bd2 Nd6
23.g4 f6 24.Nf3 e5 25.Rad1 Qc6 26.b3 Nf7 27.Nh4 Rd7 28.Be3 Rfd8 29.Nf5 Bf8
30.f3 Nd6 31.Ng3 Ne8 32.f4 Bd6 33.f5 e4 34.Bf2 e3 35.Qxe3 Bxg3  0-1

[Event "16th Open"]
[Site "Abu Dhabi UAE"]
[Date "2006.08.20"]
[Round "8"]
[White "Allahverdiev,A"]
[Black "Azarov,S"]
[Result "0-1"]
[WhiteElo "2435"]
[BlackElo "2579"]

1.e4 c5 2.Nf3 d6 3.Bb5+ Nd7 4.d4 Nf6 5.Nc3 a6 6.Bxd7+ Nxd7 7.O-O e6 8.Bg5 Qc7
9.Re1 h6 10.Bh4 g5 11.Bg3 cxd4 12.Qxd4 f6 13.Rad1 Ne5 14.Qe3 Bd7 15.Rd4 Be7
16.Red1 Bc6 17.a4 Kf7 18.Qe2 Rac8 19.R4d2 Be8 20.Nd4 Qc4 21.Qe3 b5 22.axb5 axb5
23.f4 gxf4 24.Qxf4 Ng6 25.Qf3 h5 26.Rf1 Ne5 27.Qd1 b4 28.Nce2 h4 29.Bf2 h3
30.gxh3 Bc6 31.b3 Qa6 32.Nf4 Bxe4 33.Bg3 Rcg8 34.Ndxe6 Qb6+ 35.Nd4 d5 36.Rdf2 Bc5
37.Nfe6 Qxe6 38.Nxe6 Rxh3  0-1

[Event "9th Open"]
[Site "Banyoles ESP"]
[Date "2006.08.20"]
[Round "5"]
[White "Arribas,M"]
[Black "Sermier,G"]
[Result "1/2-1/2"]
[WhiteElo "2283"]
[BlackElo "2368"]

1.e4 c5 2.Nf3 d6 3.Bb5+ Nd7 4.O-O a6 5.Bxd7+ Bxd7 6.c3 Nf6 7.Re1 e5 8.d4 Qc7
9.Bg5 Be7 10.Nbd2 b5 11.Nf1 Bc6 12.Ng3 h6 13.Bxf6 Bxf6 14.Nh5 Qe7 15.d5 Bd7
16.Nd2 g6 17.Nxf6+ Qxf6 18.Re3 O-O 19.Qe2 Kh7  1/2-1/2

[Event "3rd Dato Arthur Tan"]
[Site "Kuala Lumpur MAS"]
[Date "2006.08.21"]
[Round "1"]
[White "Pg,Mohd Omar Ak Hira"]
[Black "Megaranto,S"]
[Result "1-0"]
[WhiteElo "2173"]
[BlackElo "2512"]

1.e4 c5 2.Nf3 d6 3.Bb5+ Bd7 4.Bxd7+ Qxd7 5.O-O Nc6 6.d4 cxd4 7.Nxd4 Nf6 8.Nc3 g6
9.Re1 Bg7 10.Nxc6 bxc6 11.Bg5 O-O 12.e5 dxe5 13.Qxd7 Nxd7 14.Bxe7 Rfe8 15.Bh4 h6
16.f3 Nb6 17.Rad1 g5 18.Bg3 f5 19.h4 Kf7 20.Rd3 Bf6 21.hxg5 hxg5 22.Kf1 Re6
23.b3 Rh8 24.a4 Rh1+ 25.Ke2 Rxe1+ 26.Bxe1 Ke7 27.Bf2 e4 28.fxe4 fxe4 29.Rh3 e3
30.Rh7+ Kd6 31.Bg3+ Kc5 32.Nd1 Nd5 33.Rxa7 Nf4+ 34.Bxf4 gxf4 35.Ra5+ Kd6
36.Rf5 Be5 37.Rg5 c5 38.c3 Re8 39.Nb2 Bxc3 40.Nc4+ Kc6 41.Rg6+ Kc7 42.Nd6 Rb8
43.Nb5+ Kd7 44.Nxc3 Rxb3 45.Ne4 Rb2+ 46.Ke1 Rb1+ 47.Ke2 Rb2+ 48.Ke1 Rb1+
49.Ke2 Rb2+ 50.Kf3 c4 51.Rd6+ Kc7 52.Rd4 Rc2 53.a5 Kc6 54.Rd1 Kb5 55.Ra1 Ka6
56.Kxf4 Rxg2 57.Kxe3 c3 58.Nc5+ Kb5 59.a6 Rg8 60.a7 Ra8 61.Ne4 Kc4 62.Ra4+ Kb3
63.Nc5+ Kb2 64.Rb4+ Kc1 65.Rb7 c2 66.Nb3+ Kd1 67.Rd7+ Ke1 68.Rh7 Re8+ 69.Kd3 Rc8
70.Rh1+ Kf2 71.Ra1  1-0

[Event "Independence Cup A"]
[Site "Kyiv UKR"]
[Date "2006.08.21"]
[Round "9"]
[White "Dolzhikova,K"]
[Black "Baklan,V"]
[Result "0-1"]
[WhiteElo "2276"]
[BlackElo "2621"]

1.e4 c5 2.Nf3 d6 3.Bb5+ Nd7 4.O-O a6 5.Bxd7+ Bxd7 6.d4 cxd4 7.Qxd4 Rc8 8.e5 dxe5
9.Nxe5 f6 10.Nxd7 Qxd7 11.Qxd7+ Kxd7 12.Nc3 e5 13.f4 Bc5+ 14.Kh1 Ke6 15.fxe5 fxe5
16.Ne4 Nf6 17.Nxc5+ Rxc5 18.c3 Rc4 19.Be3 Rd8 20.Rae1 Re4 21.Kg1 b5 22.Bg5 Rd3
23.Rd1 Rxd1 24.Rxd1 Re2 25.Rd2 Rxd2 26.Bxd2 Ne4 27.Be3 a5 28.Kf1 a4 29.Ke2 a3
30.bxa3 Nxc3+ 31.Kd3 Na4 32.Ke4 g6 33.Bf2 Nb2 34.Bc5 Nc4 35.Bb4 Nd6+ 36.Ke3 Kd5
37.Kd3 Nf5 38.Bf8 e4+ 39.Ke2 h5 40.h3 h4 41.Bb4 Kd4 42.Ba5 Ng3+ 43.Kd2 e3+
44.Ke1 Kd3 45.Bd8 Nf5 46.Bg5 Nd4 47.Bxh4 e2 48.Kf2 Kd2 49.Kg1 Nf5 50.Bf2 e1=Q+
51.Bxe1+ Kxe1  0-1

[Event "6th Open"]
[Site "Velika Gorica CRO"]
[Date "2006.08.21"]
[Round "4"]
[White "Ljubicic,F"]
[Black "Soldo,R"]
[Result "1-0"]
[WhiteElo "2417"]
[BlackElo "2165"]

1.e4 c5 2.Nf3 d6 3.Bb5+ Bd7 4.a4 Nc6 5.O-O Nf6 6.Re1 a6 7.Bf1 Bg4 8.h3 Bxf3
9.Qxf3 e6 10.b3 Be7 11.Bb2 O-O 12.Na3 Nd7 13.Nc4 Nde5 14.Qd1 Nxc4 15.Bxc4 Bf6
16.c3 d5 17.exd5 exd5 18.Bd3 g6 19.Ba3 Qb6 20.a5 Nxa5 21.b4 Nc4 22.Bxc4 dxc4
23.bxc5 Qc6 24.Rb1 Kg7 25.Rb6 Qd5 26.c6 Rfb8 27.Qb1 Ra7 28.c7 Rc8 29.Rxf6  1-0

[Event "3rd Dato Arthur Tan"]
[Site "Kuala Lumpur MAS"]
[Date "2006.08.22"]
[Round "3"]
[White "Wallis,C"]
[Black "Sadorra,J"]
[Result "0-1"]
[WhiteElo "2149"]
[BlackElo "2351"]

1.e4 c5 2.Nf3 d6 3.Bb5+ Bd7 4.Bxd7+ Qxd7 5.c4 Nf6 6.Nc3 g6 7.d4 cxd4 8.Nxd4 Bg7
9.O-O O-O 10.f3 Rc8 11.b3 d5 12.Nxd5 e6 13.Nxf6+ Bxf6 14.Be3 Rd8 15.Ne2 Qe7
16.Qc1 Bxa1 17.Qxa1 Nc6 18.Nd4 f6 19.Nxc6 bxc6 20.e5 Rd3 21.exf6 Qxf6 22.Qe1 Qe5
23.Bh6 Qf6 24.Qe2 Rad8 25.Re1 Kf7 26.h4 Qd4+ 27.Kf1 Re8 28.Bc1 e5 29.Bb2 Qd8
30.Qf2 Rd2 31.Qxa7+ Re7 32.Qa3 Qd3+ 33.Kg1 Qc2 34.Bxe5 Rxg2+ 35.Kh1 Rh2+
36.Bxh2 Rxe1+ 37.Bg1 Qf2  0-1

[Event "3rd Dato Arthur Tan"]
[Site "Kuala Lumpur MAS"]
[Date "2006.08.22"]
[Round "3"]
[White "Pg,Mohd Omar Ak Hira"]
[Black "Mariano,N1"]
[Result "1/2-1/2"]
[WhiteElo "2173"]
[BlackElo "2437"]

1.e4 c5 2.Nf3 d6 3.Bb5+ Nd7 4.O-O a6 5.Bd3 Ngf6 6.Re1 e5 7.c3 g6 8.Bc2 Bg7
9.d4 O-O 10.Nbd2 b5 11.dxe5 dxe5 12.Nf1 Bb7 13.Qd6 Ne8 14.Qd3 Qc7 15.Ne3 Nef6
16.Nf1 Nxe4 17.Rxe4 f5 18.Bb3+ c4 19.Bxc4+ Kh8 20.Rh4 Bxf3  1/2-1/2

[Event "Lichtenberger Sommer"]
[Site "Berlin GER"]
[Date "2006.08.23"]
[Round "5"]
[White "Pueschel,W"]
[Black "Tahiri,D"]
[Result "0-1"]
[WhiteElo "2202"]
[BlackElo "2099"]

1.e4 c5 2.Nf3 d6 3.Bb5+ Bd7 4.a4 Nf6 5.Qe2 Nc6 6.O-O e6 7.c3 a6 8.Bd3 Be7
9.Bc2 e5 10.Rd1 Bg4 11.h3 Bh5 12.d3 O-O 13.Nbd2 Bg6 14.Nf1 Nh5 15.d4 cxd4
16.cxd4 Qc7 17.Be3 Nb4 18.Bb1 a5 19.Ra3 Qb8 20.dxe5 dxe5 21.Rd7 Nc6 22.Rb3 Bb4
23.Qb5 Nf6 24.Rxb7 Qc8 25.Rb6 Nd4 26.Nxd4 exd4 27.Rc6 Qd7 28.Bf4 Bxe4 29.Bxe4 Nxe4
30.Rd3 Rad8 31.Rc4 Qa7 32.Rc7 Qa8 33.Rc4 Qa7 34.Rc7 Qa8 35.Ng3 Nxg3 36.Rxg3 Qe4
37.Qg5 g6 38.Qf6 Qe1+ 39.Kh2 Qe6 40.Qg5 Rd5 41.Qg4 Qxg4 42.hxg4 d3 43.Rc1 g5
44.Be3 Bd6 45.Kh3 Bxg3 46.Kxg3 Rb8 47.Kf3 f6 48.Ke4 Rd7 49.Bd2 Rxb2 50.Rd1 Ra2
51.g3 Rxa4+ 52.Ke3 Ra2 53.f4 a4 54.Ke4 Rc2 55.fxg5 fxg5 56.Bxg5 a3 57.Bf6 a2
58.g5 Kf7 59.Rf1 Re2+ 60.Kf3 Re6 61.Bh8 d2  0-1

[Event "XXVI Open A"]
[Site "Bratto ITA"]
[Date "2006.08.23"]
[Round "5"]
[White "Voltolini,G"]
[Black "Mazzilli,P"]
[Result "1-0"]
[WhiteElo "2216"]
[BlackElo "2310"]

1.e4 c5 2.Nf3 d6 3.Bb5+ Bd7 4.Bxd7+ Qxd7 5.O-O Nc6 6.c3 Nf6 7.d4 cxd4 8.cxd4 Nxe4
9.d5 Ne5 10.Nxe5 dxe5 11.Re1 Nf6 12.Rxe5 e6 13.Nc3 Bd6 14.dxe6 fxe6 15.Re3 O-O-O
16.g3 h5 17.Rd3 e5 18.Bg5 h4 19.Rc1 Kb8 20.g4 e4 21.Rxd6 Qxd6 22.Qxd6+ Rxd6
23.Bf4 Rd8 24.Rd1 Nxg4 25.Nxe4  1-0

[Event "3rd Dato Arthur Tan"]
[Site "Kuala Lumpur MAS"]
[Date "2006.08.23"]
[Round "5"]
[White "Wallis,C"]
[Black "Megaranto,S"]
[Result "1/2-1/2"]
[WhiteElo "2149"]
[BlackElo "2512"]

1.e4 c5 2.Nf3 d6 3.Bb5+ Bd7 4.Bxd7+ Qxd7 5.c4 Nf6 6.Nc3 g6 7.d4 cxd4 8.Nxd4 Bg7
9.O-O O-O 10.f3 Nc6 11.Nde2 a6 12.a4 Qc7 13.Be3 e6 14.b3 Nd7 15.Qd2 Rfd8
16.Rfd1 Nc5 17.Rab1 Rac8 18.Bh6 Qb6 19.Bxg7 Kxg7 20.Kh1 Nb4 21.Nf4 Kg8 22.Nb5 Nc6
23.Nxd6 Qc7 24.b4 Nxa4 25.c5 Rb8 26.Qc2 b5 27.cxb6 Nxb6 28.e5 Nd7 29.Nd3 Qb6
30.f4 Nd4 31.Qc4 Nb5 32.Nc5 Na3 33.Qb3 Nxb1 34.Nxe6 fxe6 35.Qxe6+ Kh8 36.Nf7+ Kg8
37.Nxd8+ Qxe6 38.Nxe6 Nxe5 39.fxe5 Nc3 40.Rd8+ Rxd8 41.Nxd8 Nd5 42.Nc6 Kf7
43.Kg1 Ke6 44.Kf2 Nc7 45.Ke3 Kd5 46.Nd4 Kxe5 47.Nc2 Nd5+ 48.Kf3 h5 49.g3 g5
50.h3 Kf5 51.b5 g4+ 52.hxg4+ hxg4+ 53.Kf2 a5 54.Nd4+ Kf6 55.Ke2 a4 56.Kd3 Ke5
57.Nc2 Nb6 58.Ne3 a3 59.Nxg4+ Kd6 60.Kc3 Nc4 61.Kb3 Kc5 62.Ne3 Nxe3 63.Kxa3 Kxb5
64.g4  1/2-1/2

[Event "3rd Dato Arthur Tan"]
[Site "Kuala Lumpur MAS"]
[Date "2006.08.23"]
[Round "5"]
[White "Pg,Mohd Omar Ak Hira"]
[Black "Hasan,Me"]
[Result "0-1"]
[WhiteElo "2173"]
[BlackElo "2327"]

1.e4 c5 2.Nf3 d6 3.Bb5+ Nd7 4.O-O Nf6 5.Re1 a6 6.Bf1 e5 7.c3 Be7 8.d4 O-O
9.b3 b6 10.Nbd2 Re8 11.Nc4 Qc7 12.Bg5 Bf8 13.d5 g6 14.Qd2 Bg7 15.Bh6 Bh8
16.Qg5 Nh5 17.Qc1 Ndf6 18.h3 Bg7 19.Bg5 b5 20.Nb2 Nf4 21.Bxf4 exf4 22.Qxf4 Nh5
23.Qd2 Qa5 24.Nd1 Bd7 25.Rc1 Re7 26.b4 Qb6 27.c4 Rae8 28.bxc5 dxc5 29.g4 Qf6
30.gxh5 Qxf3 31.hxg6 hxg6 32.cxb5 Bd4 33.Bg2 Qh5 34.Ne3 Bxh3 35.Qd1 Qg5 36.Qf3 Bxg2
37.Qxg2 Qxg2+ 38.Kxg2 axb5 39.f3 f5 40.Nc2 Bc3 41.Red1 fxe4 42.fxe4 Rxe4
43.d6 b4 44.a3 b3 45.d7 Rd8 46.Kf3 Re7 47.Rd3 Bb2 48.Re1 Rf7+ 49.Kg3 bxc2  0-1

[Event "Lichtenberger Sommer"]
[Site "Berlin GER"]
[Date "2006.08.24"]
[Round "6"]
[White "Teschke,O"]
[Black "Koenig,Fr"]
[Result "1-0"]
[WhiteElo "2261"]
[BlackElo "2042"]

1.e4 c5 2.Nf3 d6 3.Bb5+ Bd7 4.Bxd7+ Qxd7 5.O-O Nc6 6.c3 Nf6 7.Qe2 e6 8.d4 cxd4
9.cxd4 Be7 10.Nc3 O-O 11.d5 exd5 12.exd5 Nb4 13.Rd1 Rfe8 14.a3 Bf8 15.Be3 Na6
16.Qb5 Qc8 17.Rac1 Nc7 18.Qb3 Qb8 19.Nd4 Rc8 20.Ndb5 Nxb5 21.Nxb5 a6 22.Ba7 Rxc1
23.Bxb8 Rxd1+ 24.Qxd1 axb5 25.Bc7 Rc8 26.Ba5 Rc5 27.g3 Nxd5 28.Bd8 b4 29.a4 Nc7
30.Bxc7 Rxc7 31.Qd5 Rc6 32.Qb5  1-0

[Event "81st ch-FRA"]
[Site "Besancon BRA"]
[Date "2006.08.24"]
[Round "10"]
[White "Fressinet,L"]
[Black "Vachier Lagrave,M"]
[Result "1/2-1/2"]
[WhiteElo "2626"]
[BlackElo "2577"]

1.e4 c5 2.Nf3 d6 3.Bb5+ Bd7 4.Bxd7+ Qxd7 5.O-O Nf6 6.e5 dxe5 7.Nxe5 Qc8 8.Qf3 Nbd7
9.Nc4 e6 10.Nc3 Be7 11.d3 Nb6 12.Bf4 Nbd5 13.Bd6  1/2-1/2

[Event "XXVI Open A"]
[Site "Bratto ITA"]
[Date "2006.08.24"]
[Round "6"]
[White "Mogranzini,R"]
[Black "Shytaj,L"]
[Result "1/2-1/2"]
[WhiteElo "2352"]
[BlackElo "2433"]

1.e4 c5 2.Nf3 d6 3.Bb5+ Nd7 4.d4 Nf6 5.Nc3 cxd4 6.Qxd4 e5 7.Qd3 h6 8.Be3 a6
9.Bc4 Qc7 10.a4 Nc5 11.Bxc5 Qxc5 12.O-O Be6 13.Bxe6 fxe6 14.Nh4 Kf7 15.Kh1 g5
16.Nf3 Rc8 17.Nd2 Be7 18.a5 Rhf8 19.Qe2 Kg6 20.Ra4 h5 21.Nc4 Nd7 22.Ne3 Nb8
23.Rfa1 Nc6 24.Rc4 Qa7 25.Qd2 Nd4 26.Rxc8 Rxc8 27.Na4 Rf8 28.Nb6 Rf7 29.b4 Qb8
30.Rd1 Qc7 31.c3 Nb5 32.Rc1 Qc6 33.Qa2 Rf6 34.f3 Bd8 35.Nbc4 Bc7 36.Qc2 Kg7
37.Qd3 Rf8 38.Rd1 Rd8 39.Qd2 Kf7 40.Qd3 Rg8 41.h3 Ke7 42.Rc1 Rd8 43.Rd1 Rg8  1/2-1/2

[Event "Canadian Closed zt"]
[Site "Toronto CAN"]
[Date "2006.08.24"]
[Round "7"]
[White "Lawson,E"]
[Black "Bluvshtein,M"]
[Result "1/2-1/2"]
[WhiteElo "2393"]
[BlackElo "2541"]

1.e4 c5 2.Nf3 d6 3.Bb5+ Nd7 4.d4 Nf6 5.Nc3 cxd4 6.Qxd4 e5 7.Qd3 h6 8.Be3 Be7
9.a4 a6 10.Bc4 Nb6 11.Bxb6 Qxb6 12.O-O Be6 13.Nd5 Nxd5 14.Bxd5 O-O 15.a5 Qc7
16.c3 Rab8 17.Nd2 Rfc8 18.Rfd1 b5 19.axb6 Rxb6 20.Nc4 Rbb8 21.Ra4 Bd7 22.Ra2 Rb5
23.Ne3 Be6 24.h3 Rb6 25.Rda1 Bg5 26.Nd1 Bd7 27.c4 Qa7 28.c5 dxc5 29.Rxa6 Rxa6
30.Rxa6 Qc7 31.Qa3 Kh8 32.Ne3 Bxe3  1/2-1/2

[Event "Lichtenberger Sommer"]
[Site "Berlin GER"]
[Date "2006.08.25"]
[Round "7"]
[White "Fruebing,T"]
[Black "Mende,A"]
[Result "1/2-1/2"]
[WhiteElo "2247"]
[BlackElo "2202"]

1.e4 c5 2.Nf3 d6 3.Bb5+ Bd7 4.c4 Nc6 5.Nc3 g6 6.Bxc6 Bxc6 7.O-O Bg7 8.d3 Nf6
9.Ne1 Qd7 10.Nc2 O-O 11.f4 e6 12.Qe1  1/2-1/2

[Event "VIII Open"]
[Site "Sants ESP"]
[Date "2006.08.25"]
[Round "1"]
[White "Del Sol Salanova,J"]
[Black "Kristiansen,J"]
[Result "0-1"]
[WhiteElo "2021"]
[BlackElo "2425"]

1.e4 c5 2.Nf3 d6 3.Bb5+ Nc6 4.O-O Bd7 5.Re1 Nf6 6.c3 a6 7.Bf1 g6 8.d4 cxd4
9.cxd4 Bg4 10.Be3 Bg7 11.Nc3 O-O 12.h3 Bxf3 13.Qxf3 Nd7 14.Rad1 Qa5 15.Bc4 Nb6
16.Bb3 Bf6 17.Ne2 Qb4 18.Bd2 Qb5 19.Bc3 a5 20.Qg3 Rac8 21.e5 dxe5 22.d5 Nd4
23.Nxd4 exd4 24.Bxd4 Bxd4 25.Rxd4 a4 26.Bd1 Qxb2 27.Rde4 Nxd5 28.Qg5 e6 29.Rh4 Qc1
30.Qe5 Qd2 31.Bxa4 Qxa2 32.Ra1 Qd2 33.Rd4 Rc1+ 34.Kh2 Qb2 35.Rxc1 Qxc1 36.Bd7 Ne7
37.Bxe6 fxe6 38.Qxe6+ Rf7 39.Rd8+ Kg7 40.Qe5+ Kh6 41.Rd7 Nc6  0-1

[Event "Lichtenberger Sommer"]
[Site "Berlin GER"]
[Date "2006.08.26"]
[Round "8"]
[White "Prosch,S"]
[Black "Niehaus,F"]
[Result "1/2-1/2"]
[WhiteElo "2090"]
[BlackElo "2204"]

1.e4 c5 2.Nf3 d6 3.Bb5+ Nd7 4.O-O Nf6 5.Re1 a6 6.Bf1 b6 7.d4 cxd4 8.Nxd4 Bb7
9.f3 e6 10.c4 Be7 11.Nc3 O-O 12.Be3 Rc8 13.Rc1 Qc7 14.Qd2 Qb8 15.Qf2 Bd8
16.b3 Bc7 17.g3 Kh8 18.Bh3  1/2-1/2

[Event "3rd Dato Arthur Tan"]
[Site "Kuala Lumpur MAS"]
[Date "2006.08.26"]
[Round "9"]
[White "Mok Tze Meng"]
[Black "Baba,M"]
[Result "1-0"]
[WhiteElo "2369"]
[BlackElo "2189"]

1.e4 c5 2.Nf3 d6 3.Bb5+ Nc6 4.Bxc6+ bxc6 5.O-O e5 6.c3 Nf6 7.d4 cxd4 8.cxd4 exd4
9.Qxd4 Be7 10.Rd1 O-O 11.Nc3 Bg4 12.Bg5 Ne8 13.Bxe7 Qxe7 14.Rd3 Rd8 15.h3 Bh5
16.Qa4 Bxf3 17.Rxf3 Qb7 18.Rd3 Nc7 19.Rad1 d5 20.Qa5 Rd6 21.exd5 cxd5 22.Nxd5 Nxd5
23.Rxd5 Rxd5 24.Rxd5 Qxb2 25.Qxa7 Qc1+ 26.Kh2 Qf4+ 27.g3 Qf3 28.Rb5 h5 29.h4 Kh7
30.Rb3 Qe2 31.a4 Qe4 32.a5 Ra8 33.Qc5 g6 34.Re3 Qa4 35.Ra3 Qd7 36.a6 Ra7
37.Rd3 Qxd3 38.Qxa7 Qf3 39.Qe3 Qa8 40.a7 Qb7 41.Qa3 Qb6 42.a8=Q  1-0

[Event "TCh-Serbia w"]
[Site "Zlatibor SCG"]
[Date "2006.08.30"]
[Round "5"]
[White "Savic,Ma"]
[Black "Zivkovic,Ves"]
[Result "1-0"]
[WhiteElo "2159"]
[BlackElo "2124"]

1.e4 c5 2.Nf3 d6 3.Bb5+ Bd7 4.Bxd7+ Qxd7 5.O-O Nc6 6.c3 g6 7.d4 cxd4 8.cxd4 Bg7
9.Nc3 e6 10.d5 Ne5 11.dxe6 fxe6 12.Bf4 Ne7 13.Bxe5 dxe5 14.Qxd7+ Kxd7 15.Rfd1+ Ke8
16.Ng5 Bf6 17.Nxe6 Kf7 18.Nc7 Rad8 19.N3b5 Nc6 20.Nd6+ Ke7 21.Nxb7 Rxd1+
22.Rxd1 Nd4 23.Nd5+ Kf7 24.f3 Bg5 25.Kf2 Rb8 26.Nd6+ Ke6 27.Nc4 Rc8 28.b3 Bh6
29.f4 Bg7 30.g3 Nc6 31.Ke3 Bf8 32.fxe5 Bc5+ 33.Kd3 Nxe5+ 34.Nxe5 Kxe5 35.Rc1 a5
36.a3  1-0

[Event "3rd Open"]
[Site "Kalamaria GRE"]
[Date "2006.09.01"]
[Round "3"]
[White "Svetushkin,D"]
[Black "Ris,R"]
[Result "1-0"]
[WhiteElo "2569"]
[BlackElo "2364"]

1.e4 c5 2.Nf3 d6 3.Bb5+ Bd7 4.Bxd7+ Qxd7 5.c4 Nf6 6.Nc3 g6 7.d4 cxd4 8.Nxd4 Bg7
9.f3 O-O 10.Be3 Nc6 11.O-O Rac8 12.Nde2 Rfd8 13.Qd2 e6 14.Rad1 b6 15.b3 Qb7
16.Bg5 Rd7 17.f4 Ne7 18.Ng3 d5 19.e5 dxc4 20.exf6 Rxd2 21.Rxd2 Nd5 22.Nxd5 exd5
23.fxg7 c3 24.Rd3 c2 25.f5 f6 26.Bc1 Qe7 27.Rdf3 Kxg7 28.h4 Qe5 29.fxg6 hxg6
30.Re3 Qd4 31.Ne2 Qd1 32.Nf4 d4 33.Re7+ Kg8 34.Nd5 Rf8 35.Ree1 Qg4 36.Nxf6+ Rxf6
37.Rxf6 d3 38.Re8+ Kg7 39.Rf4 Qd1+ 40.Rf1 g5 41.h5 g4 42.Re7+ Kg8 43.h6 Qxc1
44.Rxc1 d2 45.Ree1  1-0